000 01658nam a2200409Ia 4500
001 ebr10194214
003 CaPaEBR
006 m u
007 cr cn|||||||||
008 010122s2001 enka sb 001 0 eng d
010 _z 2001021140
020 _z9780199226030
020 _z0199244405
040 _aCaPaEBR
_cCaPaEBR
035 _a(OCoLC)233792564
050 1 4 _aDG105
_b.B36 2001eb
082 0 4 _a937
_221
100 1 _aBanaji, Jairus,
_d1947-
245 1 0 _aAgrarian change in late antiquity
_h[electronic resource] :
_bgold, labour, and aristocratic dominance /
_cJairus Banaji.
260 _aOxford, [U.K.] ;
_aNew York :
_bOxford University Press,
_cc2001.
300 _axvii, 286 p. :
_bill.
490 1 _aOxford classical monographs
504 _aIncludes bibliographical references (p. [257]-278) and index.
533 _aElectronic reproduction.
_bPalo Alto, Calif. :
_cebrary,
_d2009.
_nAvailable via World Wide Web.
_nAccess may be limited to ebrary affiliated libraries.
650 0 _aLand tenure
_zRome.
650 0 _aLand tenure
_zByzantine Empire.
650 0 _aAdministration of estates
_zRome.
650 0 _aAdministration of estates
_zByzantine Empire.
651 0 _aRome
_xHistory
_yEmpire, 284-476.
651 0 _aRome
_xEconomic conditions
_y30 B.C.-476 A.D.
651 0 _aByzantine Empire
_xHistory
_yTo 527.
651 0 _aByzantine Empire
_xEconomic conditions.
655 7 _aElectronic books.
_2local
710 2 _aebrary, Inc.
830 0 _aOxford classical monographs.
856 4 0 _uhttp://site.ebrary.com/lib/rucke/Doc?id=10194214
_zAn electronic book accessible through the World Wide Web; click to view
999 _c221356
_d221356